LEADER 03206nam 2200649 a 450 001 9910454836603321 005 20200520144314.0 010 $a1-282-13041-2 010 $a9786612130410 010 $a0-309-12684-3 035 $a(CKB)1000000000786332 035 $a(EBL)3378486 035 $a(SSID)ssj0000106764 035 $a(PQKBManifestationID)11134000 035 $a(PQKBTitleCode)TC0000106764 035 $a(PQKBWorkID)10111030 035 $a(PQKB)10311690 035 $a(MiAaPQ)EBC3378486 035 $a(MiAaPQ)EBC4961440 035 $a(Au-PeEL)EBL3378486 035 $a(CaPaEBR)ebr10309974 035 $a(OCoLC)923280127 035 $a(Au-PeEL)EBL4961440 035 $a(CaONFJC)MIL213041 035 $a(OCoLC)435814444 035 $a(EXLCZ)991000000000786332 100 $a20091005d2009 uy 0 101 0 $aeng 135 $aur|n|---||||| 181 $ctxt 182 $cc 183 $acr 200 00$aAssessment of explosive destruction technologies for specific munitions at the Blue Grass and Pueblo chemical agent destruction pilot plants$b[electronic resource] /$fCommittee to Review Assembled Chemical Weapons Alterntives Program Detonation technologies, Board on Army Science and Technology, Division on Engineering and Physical Sciences, National Research Council of the National Academies 210 $aWashington, D.C. $cNational Academies Press$d2009 215 $a1 online resource (135 p.) 300 $aDescription based upon print version of record. 311 $a0-309-12683-5 320 $aIncludes bibliographical references. 327 $a""Preface""; ""Acknowledgment of Reviewers""; ""Contents""; ""Tables and Figures""; ""Acronyms and Abbreviations""; ""Summary""; ""1 Introduction""; ""2 Evaluation Factors Specific to ACWA Sites Application""; ""3 Current Status of Explosive Destruction Technologies""; ""4 Rating of Explosive Destruction Technologies for Proposed BGCAPP and PCAPP Applications""; ""Appendixes""; ""Appendix A: Chapter 4 from the 2006 NRC Report *Review of International Technologies for Destruction of Recovered Chemical Warfare Materiel*""; ""Appendix B: Committee Meetings and Site Visits"" 327 $a""Appendix C: Biographical Sketches of Committee Members"" 606 $aChemical weapons disposal$zKentucky$zRichmond 606 $aChemical weapons disposal$zColorado$zPueblo 608 $aElectronic books. 615 0$aChemical weapons disposal 615 0$aChemical weapons disposal 676 $a623.4 712 02$aNational Research Council (U.S.).$bBoard on Army Science and Technology. 712 02$aNational Research Council (U.S.).$bDivision on Engineering and Physical Sciences. 712 02$aNational Academies Press (U.S.) 712 02$aNational Research Council (U.S.).$bCommittee to Review Assembled Chemical Weapons Alternatives Program Detonation Technologies. 801 0$bMiAaPQ 801 1$bMiAaPQ 801 2$bMiAaPQ 906 $aBOOK 912 $a9910454836603321 996 $aAssessment of explosive destruction technologies for specific munitions at the Blue Grass and Pueblo chemical agent destruction pilot plants$92479645 997 $aUNINA LEADER 02137nam 2200517 450 001 9910826106703321 005 20170918212447.0 010 $a0-7591-2441-8 035 $a(CKB)3710000000529951 035 $a(EBL)4306526 035 $a(SSID)ssj0001593892 035 $a(PQKBManifestationID)16288618 035 $a(PQKBTitleCode)TC0001593892 035 $a(PQKBWorkID)14809598 035 $a(PQKB)11208255 035 $a(MiAaPQ)EBC4306526 035 $a(EXLCZ)993710000000529951 100 $a20160219h20162016 uy 0 101 0 $aeng 135 $aur|n|---||||| 181 $ctxt 182 $cc 183 $acr 200 10$aPopular religion in Southeast Asia /$fRobert L. Winzeler 210 1$aLanham, Maryland :$cRowman & Littlefield,$d2016. 210 4$dİ2016 215 $a1 online resource (323 p.) 300 $aDescription based upon print version of record. 311 $a0-7591-2440-X 320 $aIncludes bibliographical references and index. 327 $aContents; Preface; Acknowledgments; 1 Introduction; 2 The Development of Religion in Southeast Asia; 3 Three Versions of Popular Hinduism; 4 Buddhism and Popular Religion; 5 Popular Islam in Malaysia and Indonesia; 6 Conversion and Popular Christianity; 7 The Magic of the Market; 8 Religious Movements as Popular Religion; 9 Popular Religion in Southeast Asia; Notes; Bibliography; Index; About the Author 330 $aAn innovative and interpretive overview of the nature of popular religion in Southeast Asia, covering Hinduism, Buddhism, and Islam, as well as Christianity and the conversion of indigenous peoples. 606 $aReligion and culture$zSoutheast Asia 606 $aPopular culture$xReligious aspects 607 $aSoutheast Asia$xReligious life and customs 615 0$aReligion and culture 615 0$aPopular culture$xReligious aspects. 676 $a200.959 700 $aWinzeler$b Robert L.$0650301 801 0$bMiAaPQ 801 1$bMiAaPQ 801 2$bMiAaPQ 906 $aBOOK 912 $a9910826106703321 996 $aPopular religion in Southeast Asia$93944020 997 $aUNINA